LEADER 03148nas 2200985-a 450 001 996198102403316 005 20230224213018.0 011 $a1744-6155 035 $a(OCoLC)51321201 035 $a(CKB)111022104693058 035 $a(CONSER)--2005264542 035 $a(MiAaPQ)25318 035 $a(DE-599)ZDB2095309-4 035 $a(EXLCZ)99111022104693058 100 $a20030107a20029999 s-- a 101 0 $aeng 135 $aurcnu|||||||| 181 $ctxt$2rdacontent 182 $cc$2rdamedia 183 $acr$2rdacarrier 200 10$aJournal for specialists in pediatric nursing $eJSPN 210 $a[Philadelphia, PA] $c[Nursecom] 210 3 $aHoboken, NJ $cWiley Blackwell 300 $aRefereed/Peer-reviewed 300 $aPublished: Malden, MA and Oxford : Blackwell Publishing, July-Sept. 2004- 311 $a1539-0136 517 3 $aJSPN 531 $aJOURNAL FOR SPECIALISTS IN PEDIATRIC NURSING FORMERLY JOURNAL OF THE SOCIETY OF 531 $aJ SPEC PEDIATR NURS 531 $aJ. SPEC. PEDIATR. NURS 531 0 $aJ. spec. pediatr. nurs. 606 $aPediatric nursing$vPeriodicals 606 $aNursing 606 $aPediatrics 606 $aPediatric nursing 606 $aMaternity nursing 606 $aNursing 606 $aPediatrics 606 $aPediatric Nursing 606 $aObstetric Nursing 606 $aMaternal-Child Nursing 606 $aSoins infirmiers en pédiatrie$vPériodiques 606 $aSoins infirmiers 606 $aPédiatrie 606 $aSoins infirmiers en pédiatrie 606 $aSoins infirmiers en obstétrique 606 $aSoins infirmiers mère-enfant 606 $anursing (health science)$2aat 606 $aPediatric Nursing$2ebps$3(uri) http://www.ncbi.nlm.nih.gov/mesh/?term=D010371 606 $aEvidence Based Nursing$2ebps 606 $aPediatrics$2fast$3(OCoLC)fst01056503 606 $aNursing$2fast$3(OCoLC)fst01041731 606 $aMaternity nursing$2fast$3(OCoLC)fst01012043 606 $aPediatric nursing$2fast$3(OCoLC)fst01056451 608 $aPeriodical 608 $aComputer network resources. 608 $aPeriodicals.$2fast 615 0$aPediatric nursing 615 0$aNursing. 615 0$aPediatrics. 615 0$aPediatric nursing. 615 0$aMaternity nursing. 615 2$aNursing 615 2$aPediatrics 615 2$aPediatric Nursing 615 2$aObstetric Nursing 615 2$aMaternal-Child Nursing 615 6$aSoins infirmiers en pédiatrie 615 6$aSoins infirmiers. 615 6$aPédiatrie. 615 6$aSoins infirmiers en pédiatrie. 615 6$aSoins infirmiers en obstétrique. 615 6$aSoins infirmiers mère-enfant. 615 7$anursing (health science) 615 7$aPediatric Nursing. 615 7$aEvidence Based Nursing. 615 7$aPediatrics. 615 7$aNursing. 615 7$aMaternity nursing. 615 7$aPediatric nursing. 676 $a610.7362 906 $aJOURNAL 912 $a996198102403316 996 $aJournal for specialists in pediatric nursing$91915351 997 $aUNISA LEADER 04490oam 2200673 c 450 001 996308826603316 005 20240405181313.0 010 $a3-8394-1167-X 024 7 $a10.14361/9783839411674 035 $a(CKB)3710000000482833 035 $a(OAPEN)1007413 035 $a(DE-B1597)461458 035 $a(OCoLC)1013955976 035 $a(OCoLC)953518694 035 $a(DE-B1597)9783839411674 035 $a(MiAaPQ)EBC5494366 035 $a(Au-PeEL)EBL5494366 035 $a(OCoLC)1049912742 035 $a(transcript Verlag)9783839411674 035 $a(oapen)https://directory.doabooks.org/handle/20.500.12854/26105 035 $a(EXLCZ)993710000000482833 100 $a20220221d2015 uy 0 101 0 $ager 135 $auuuuu---auuuu 181 $ctxt$2rdacontent 182 $cc$2rdamedia 183 $acr$2rdacarrier 200 00$aAvantgarden und Politik$eKu?nstlerischer Aktivismus von Dada bis zur Postmoderne$fLutz Hieber, Stephan Moebius 205 $a1st ed. 210 $aBielefeld$ctranscript Verlag$d2015 215 $a1 online resource (254) 225 0 $aSozialtheorie 311 $a3-8376-1167-1 327 $aFrontmatter 1 INHALT 5 Grundriss einer Theorie des ku?nstlerischen Aktivismus von Dada bis zur Postmoderne 7 U?ber »revolutiona?re Gebrauchswerte« und eine Politisierung des Bildverstehens. Walter Benjamins Blick auf Avantgarde und Politik am Beispiel der Fotografie 31 Museum, Avantgarden, Politik. Museumsleiter in der Weimarer Republik am Beispiel Alexander Dorners 49 Tanz zwischen Avantgarde und Klassischer Moderne: Anita Berber und Mary Wigman 67 Im Rausch der Revolution: Kunst und Politik bei Andre? Masson und den surrealistischen Gruppierungen Contre-Attaque und Ace?phale 89 Psychedelische Plakate in der Counter Culture der USA 111 Lenore Kandel: Not a Silent Chick 145 Action around the Edges 165 »Crossing Over« - ACT UP/fierce pussy. Kunst und politisches Engagement 185 Street Appeal: Dyke Action Machine! und der Look der Gay Liberation in den neunziger Jahren 203 Metamorphose des Pop? Beck Hansens Weg durch das Popuniversum 215 Kunst in der O?ffentlichkeit. Versuch u?ber die Grenzen des Erlaubten 231 Manifest: Gegen die feierliche Stille im Museumssaal 245 Autorinnen und Autoren 249 Backmatter 252 330 $aDiktatur und Krieg haben den ku?nstlerischen Aktivismus in Mitteleuropa, wie er mit dem Dadaismus begann, vernichtet. Durch den Strom des Exils verschob er sich auf den amerikanischen Kontinent. Dieser Band beleuchtet den Avantgardismus im fru?hen 20. Jahrhundert anhand der Fotografie, des Tanzes, surrealistischer Gruppierungen etc., um sich dann dessen Weiterentwicklungen bis in die ju?ngste Vergangenheit zuzuwenden. Die Beitra?ger_innen, darunter Theoretiker und Ku?nstlerinnen aus New York, lassen die kulturellen Differenzen zwischen Europa und den USA verstehbar werden und zeigen, dass Avantgarde und politischer Aktivismus aufs Engste zusammengeho?ren. 330 1 $aBesprochen in: www.artnet.de, 12.01.2010, Astrid Mania 410 0$aSozialtheorie 606 $aKu?nstlerische Avantgarden; Postmoderne; USA; Soziale Bewegungen; Queer Theory; Dadaismus; Surrealismus; Walter Benjamin; Kunst; Amerika; Politik; Kunstsoziologie; Kunstgeschichte; Kultursoziologie; Kulturgeschichte; Soziologie; Social Movements; Arts; America; Politics; Sociology of Art; Art History; Sociology of Culture; Cultural History; Sociology; 610 $aAmerica. 610 $aArt History. 610 $aArts. 610 $aCultural History. 610 $aPolitics. 610 $aQueer Theory. 610 $aSociology of Art. 610 $aSociology of Culture. 610 $aSociology. 615 4$aKu?nstlerische Avantgarden; Postmoderne; USA; Soziale Bewegungen; Queer Theory; Dadaismus; Surrealismus; Walter Benjamin; Kunst; Amerika; Politik; Kunstsoziologie; Kunstgeschichte; Kultursoziologie; Kulturgeschichte; Soziologie; Social Movements; Arts; America; Politics; Sociology of Art; Art History; Sociology of Culture; Cultural History; Sociology; 676 $a700.411 686 $aAP 15000$2rvk 700 $aHieber$b Lutz$4edt$01427589 702 $aHieber$b Lutz$4edt 702 $aMoebius$b Stephan$4edt 801 0$bDE-B1597 801 1$bDE-B1597 906 $aBOOK 912 $a996308826603316 996 $aAvantgarden und Politik$93583231 997 $aUNISA